King of the Hill Character Picture Quiz - Statistics

General Stats
  • This quiz has been taken 151 times
  • The average score is 14 of 16
Answer Stats
Picture Answer % Correct
Hank Hill
100%
Bobby Hill
98%
Dale Gribble
98%
Peggy Hill
97%
Bill Dauterive
95%
Jeff Boomhauer
91%
John Redcorn
91%
Luanne Platter
91%
Cotton Hill
90%
Kahn Souphanousinphone
83%
Lady Bird
82%
Nancy Gribble
82%
Connie Souphanousinphone
81%
Joseph Gribble
80%
Minh Souphanousinphone
67%
Elroy "Lucky" Kleinschmidt
63%
No matching quizzes found
Score Distribution
Percent of People with Each Score
Percentile by Number Answered
Your Score History
You have not taken this quiz